| 000 | 01025naa a22002417a 4500 | ||
|---|---|---|---|
| 001 | BR9602472 | ||
| 003 | BR-BrBNA | ||
| 005 | 20240918181455.0 | ||
| 007 | ta | ||
| 008 | 230509b bl.||||| |||| 00| 0 por d | ||
| 040 |
_aBR-BrBNA _bpor _cBiblioteca Nacional de Agricultura |
||
| 041 | _a(Pt) | ||
| 072 | _aE21 | ||
| 090 | _aE21 BR9602472 | ||
| 100 | 1 | _aBelik, W. | |
| 245 | 1 | _aAgroindustria e reestruturacao industrial no Brasil: elementos para uma avaliacao | |
| 260 | 3 |
_aCampinas, SP (Brasil): _c1995. |
|
| 500 | _aRamos, P.; Reydon, B.P. Agropecuaria e agroindustria no Brasil: ajuste, situacao atual e perspectivas Campinas, SP (Brasil): 1995. p. 107-123 (BR9602472-AM)E21 | ||
| 650 | _aIndustria Agricola | ||
| 773 | 0 |
_tAgropecuaria e agroindustria no Brasil: ajuste, situacao atual e perspectivas _aRamos, P.; Reydon, B.P.. Associacao Brasileira de Reforma Agraria, Campinas, SP (Brasil) _wE21 BR9602472 _gCampinas, SP (Brasil), 1995. p. 107-123 |
|
| 909 |
_a202404 _bLucia _c55 _dLucia Elande |
||
| 942 |
_cAM _2AGRIS |
||
| 999 |
_c325414 _d325414 |
||